Planeamiento y diseño lógico de un sistema de información para una empresa de producción por subcontratación
שמור ב:
| מחבר ראשי: | |
|---|---|
| מחברים אחרים: | |
| פורמט: | ספר |
| יצא לאור: |
San José, C.R
2001
|
| נושאים: | |
| תגים: |
הוספת תג
אין תגיות, היה/י הראשונ/ה לתייג את הרשומה!
|
MARC
| LEADER | 00000nam a2200000Ia 4500 | ||
|---|---|---|---|
| 001 | 4358 | ||
| 003 | 008799 | ||
| 005 | 20221231144200.0 | ||
| 008 | 140114s2001 cr a m 000 ||s d | ||
| 040 | |c cru CEDI | ||
| 100 | |a Ramírez Quirós, Silvia |9 7691 | ||
| 245 | |a Planeamiento y diseño lógico de un sistema de información para una empresa de producción por subcontratación | ||
| 260 | |c 2001 |a San José, C.R | ||
| 300 | |a xii, 168 hojas : ilustraciones | ||
| 500 | |a Proyecto de graduación (licenciatura en ingeniería industrial)--Universidad de Costa Rica. Facultad de Ingeniería. Escuela de Ingeniería Industrial | ||
| 650 | |x SISTEMAS DE INFORMACION EN ADMINISTRACION |x AUDITORIA INFORMATICA |x CAMTRONICS |x ADMINISTRACION |9 7694 | ||
| 700 | |9 7693 |a Viso Cortés, Eduardo | ||
| 942 | |c TFG | ||
| 999 | |c 18080 |d 18080 | ||
